000 00298nam a2200109Ia 4500
008 220204s9999 xx 000 0 und d
082 _a519.254
_bMIN
100 _aMinieka, Edward
245 0 _aOptimization algorithms for networks and graphs
260 _aNew York
_bMarcel Dekker
_c1978
942 _cBK
999 _c29892
_d29892